Science - Physics | 1 | 7 | 0 | 0 | 85 | 39 | 72.25 | 0 | 1 |
Science - Biology | 0 | 7 | 0 | 0 | 70 | 71 | 101.57 | 0 | 0 |
Science - Chemistry | 1 | 2 | 0 | 0 | 35 | 49 | 91.33 | 0 | 0 |
RMP - Greco-Roman Mythology | 1 | 1 | 0 | 0 | 25 | 65 | 73.00 | 0 | 0 |
Science - Computer Science | 0 | 2 | 0 | 0 | 20 | 88 | 103.50 | 0 | 0 |
RMP - World Mythology | 0 | 1 | 0 | 0 | 10 | 117 | 117.00 | 0 | 0 |
Science - Astronomy | 0 | 1 | 0 | 0 | 10 | 112 | 112.00 | 0 | 0 |
Current Events - World | 0 | 1 | 0 | 0 | 10 | 98 | 98.00 | 0 | 0 |
History - Cross, Historiography, and Miscellaneous | 0 | 1 | 0 | 0 | 10 | 124 | 124.00 | 0 | 0 |
History - European | 0 | 1 | 0 | 0 | 10 | 79 | 79.00 | 0 | 0 |
Other - Other Academic and General Knowledge | 0 | 1 | 0 | 0 | 10 | 98 | 98.00 | 0 | 0 |
RMP - Other Religion | 0 | 1 | 0 | 0 | 10 | 107 | 107.00 | 0 | 0 |
Science - Earth | 0 | 1 | 0 | 0 | 10 | 76 | 76.00 | 0 | 0 |
Science - Engineering and Miscellaneous | 0 | 1 | 0 | 0 | 10 | 120 | 120.00 | 0 | 0 |
Social Science - Psychology | 0 | 0 | 0 | 0 | 0 | | 0.00 | 0 | 0 |
RMP - Islam | 0 | 0 | 0 | 0 | 0 | | 0.00 | 0 | 0 |
History - American | 0 | 0 | 0 | 0 | 0 | | 0.00 | 0 | 0 |